000
00249nam a2200121Ia 4500
005
20250424120333.0
008
250424s9999 xx 000 0 und d
022
_a
09288430
245
0
_a
Time
260
_a
Amsterdam
260
_c
2012
942
_c
SR
999
_c
38740
_d
38740